00265 a2200133 4500001000700000020001800007040001100025100001800036240002900054245002400083300000700107362000900114440000800123168874 a85-322-3904-8 cMagnum aGaldino, Luiz10aO destino de Perseulpor10aO destino de Perseu a940 a1999 1aFTD